| 000 | 00841nas a2200289 4500 | ||
|---|---|---|---|
| 001 | BR9703713 | ||
| 003 | BR-BrBNA | ||
| 005 | 20231205100346.0 | ||
| 007 | ta | ||
| 008 | 230509b bl.|||p| |||| 00| 00por d | ||
| 040 |
_aBR-BrBNA _bpor _cBiblioteca Nacional de Agricultura |
||
| 041 | _a(Pt) | ||
| 072 | _aH10; F30; P34 | ||
| 100 | 1 | _aGoncalves, W. | |
| 100 | 1 | _aFerraz, L.C.C.B. | |
| 100 | 1 | _aLima, M.M.A. de | |
| 100 | 1 | _aSilvarolla, M.B. | |
| 245 | 1 | _aPatogenicidade de Meloidogyne exigua e M. Incognita raca 1 a mudas de cafeeiros | |
| 650 | _aCafe | ||
| 650 | _aVariedade Resistente | ||
| 650 | _aNematoide | ||
| 650 | _aMeloidoginose | ||
| 650 | _aInoculacao | ||
| 773 | 0 |
_tBragantia (Brazil) _xISSN 0006-8705 _g(1996), v. 55(1) p. 89-93 _wBR9703713 |
|
| 909 |
_a202311 _bLúcia _c55 _dLúcia Elande |
||
| 942 |
_2AGRIS _n0 _cANA |
||
| 999 |
_c155565 _d155565 |
||